[Event "Reykjavik op"]
[Site "Reykjavik"]
[Date "2017.04.27"]
[Round "10"]
[White "Roebuck, Derek"]
[Black "Davidsson, Oskar Vikingur"]
[Result "0-1"]
[WhiteElo "1661"]
[BlackElo "1818"]
[PlyCount "92"]
[EventDate "2017.04.19"]
[EventType "swiss"]
[EventRounds "10"]
[EventCountry "ISL"]
[SourceTitle "CBM 178 Extra"]
[Source "ChessBase"]
[SourceDate "2017.06.22"]
[SourceVersion "1"]
[SourceVersionDate "2017.06.22"]
[SourceQuality "1"]

1. e4 c5 2. Nf3 e6 3. b4 cxb4 4. d4 d5 5. e5 Nc6 6. Bd3 Bd7 7. 0-0 Rc8 8. a3 Qb6 9. Be3 Nge7 10. Re1 Ng6 11. h4 Be7 12. g3 h5 13. Qe2 a6 14. Nbd2 bxa3 15. Reb1 Qc7 16. Bg5 Bxg5 17. Bxg6 Bxd2 18. Bxf7+ Kxf7 19. Qxd2 Rhf8 20. Rxa3 Ne7 21. c3 Ke8 22. Ng5 Rh8 23. Rab3 b5 24. Nh3 Nf5 25. Nf4 Kf7 26. Qd1 g6 27. Qd2 Qd8 28. Nd3 Rc4 29. Kg2 Qe7 30. f3 Rhc8 31. Nc5 R8xc5 32. dxc5 Rxc5 33. Qf2 Bc8 34. Kh3 Qc7 35. g4 Ng7 36. Qe3 Rc4 37. Rd1 hxg4+ 38. fxg4 Re4 39. Qf3+ Kg8 40. Rf1 Qxe5 41. Qf8+ Kh7 42. c4 dxc4 43. Rbf3 Bb7 44. h5 gxh5 45. g5 Qxg5 46. Rg3 Rh4# 0-1

[Event "Reykjavik op"]
[Site "Reykjavik"]
[Date "2017.04.25"]
[Round "8"]
[White "Roebuck, Derek"]
[Black "Nielsen, Jon I Horni"]
[Result "0-1"]
[WhiteElo "1661"]
[BlackElo "1454"]
[PlyCount "38"]
[EventDate "2017.04.19"]
[EventType "swiss"]
[EventRounds "10"]
[EventCountry "ISL"]
[SourceTitle "CBM 178 Extra"]
[Source "ChessBase"]
[SourceDate "2017.06.22"]
[SourceVersion "1"]
[SourceVersionDate "2017.06.22"]
[SourceQuality "1"]

1. e4 e5 2. f4 d5 3. exd5 exf4 4. Nf3 Nf6 5. Nc3 Bb4 6. Qe2+ Be7 7. Qb5+ Nbd7 8. Bc4 a6 9. Qa4 0-0 10. b4 b5 11. Bxb5 Nb6 12. Qa3 axb5 13. Qb3 Nfxd5 14. Ba3 Be6 15. Nxd5 Bxd5 16. Qd3 Bxf3 17. Qxf3 Nc4 18. Bc1 Bxb4 19. 0-0 Qd4+ 0-1